| 000 | 00489nam a2200181 4500 | ||
|---|---|---|---|
| 003 | DO-SdBNP | ||
| 005 | 20170915094715.0 | ||
| 008 | 161101b1993 ck 00| 0 spa d | ||
| 020 | _a9580421927 | ||
| 040 |
_aBPMSU _bspa _cBPMSU |
||
| 100 | _aGraham, Ian | ||
| 245 |
_aAprende a ser un buen astrónomo / _cIan Graham |
||
| 260 |
_aQuito, Ecuador : _bParramón Ediciones , _c1993 |
||
| 300 |
_a32 p. : _bil. : _c29 cm |
||
| 942 |
_2ddc _cBK |
||
| 945 | _aIventariado / 2017 VM | ||
| 956 | _adgarcia | ||
| 999 |
_c11741 _d11741 |
||